000 00836nam a2200181 a 4500
008 201202s2017 ||||||||||||||||| || u
020 _a9781510414327
050 _aPR 9205.4 Wor
100 _aSimmons-McDonald, Hazel
245 1 2 _aA world of prose (3rd edition)
_cEdited by Hazel Simmons- McDonald; Mark McWatt
260 _aLondon
_bHodder and Stoughton Ltd
_c2017
300 _aviii, 223 pages
350 _a39.08
650 _aENGLISH PROSE LITERATURE--19TH CENTURY
700 _aMcWatt, Mark
995 _aMAIN LIBRARY OPEN ACCESS
_e750567
_FCBU-MAIN LIBRARY (Kitwe)
_I39.08
_jPR 9205.4 Wor
_M2
_UAVAILABLE
_WDec 10, 2020
_y750567
_ZMain Library Open Access Collection
995 _aMAIN LIBRARY OPEN ACCESS
_e750566
_FCBU-MAIN LIBRARY (Kitwe)
_I39.08
_jPR 9205.4 Wor
_M1
_UAVAILABLE
_WDec 10, 2020
_y750566
_ZMain Library Open Access Collection
999 _c83259
_d83259